[Event "Mantova Province-ch"]
[Site "Mantova"]
[Date "2013.03.08"]
[Round "4"]
[White "Baroni, Alessandro"]
[Black "Bozzi, Gianni Moritz"]
[Result "1/2-1/2"]
[WhiteElo "1949"]
[BlackElo "2168"]
[PlyCount "97"]
[EventDate "2013.02.15"]
[EventType "swiss"]
[EventRounds "6"]
[EventCountry "ITA"]
[SourceTitle "EXT 2014"]
[Source "ChessBase"]
[SourceDate "2013.11.20"]
[SourceVersion "1"]
[SourceVersionDate "2013.11.20"]
[SourceQuality "1"]

1. e4 Nf6 2. e5 Nd5 3. d4 d6 4. Nf3 g6 5. Bc4 c6 6. 0-0 Bg7 7. Re1 0-0 8. Bg5 Be6 9. Nbd2 dxe5 10. Nxe5 Nd7 11. Nb3 Nxe5 12. dxe5 Qc7 13. Qe2 c5 14. Rad1 Rad8 15. Qe4 Bf5 16. Qe2 Nb6 17. g4 Be6 18. Bxe6 fxe6 19. Rxd8 Rxd8 20. Qe3 Rd5 21. f4 h6 22. Bh4 g5 23. Bg3 gxf4 24. Bxf4 c4 25. Nd4 Qc5 26. Nxe6 Qxe3+ 27. Bxe3 Bxe5 28. Bxh6 Bxb2 29. Nc7 Re5 30. Rxe5 Bxe5 31. Ne6 Nd5 32. Nd8 b5 33. Nc6 Bd6 34. Kg2 a6 35. Bd2 Nf6 36. h3 Kf7 37. Bb4 Nd5 38. Bxd6 exd6 39. Kf3 Nc3 40. Nb4 a5 41. Nc6 Nxa2 42. Nxa5 Nb4 43. Ke4 Nxc2 44. Kd5 Na1 45. Kd4 Nc2+ 46. Kc3 Ne3 47. Kd4 Nd1 48. Nc6 Nf2 49. Na7 1/2-1/2

[Event "Robecchetto op 22nd"]
[Site "Robecchetto"]
[Date "2011.12.28"]
[Round "3"]
[White "Sibille, Ettore"]
[Black "Baroni, Alessandro"]
[Result "0-1"]
[WhiteElo "2042"]
[BlackElo "1932"]
[PlyCount "60"]
[EventDate "2011.12.27"]
[EventType "swiss"]
[EventRounds "6"]
[EventCountry "ITA"]
[SourceTitle "EXT 2014"]
[Source "ChessBase"]
[SourceDate "2013.11.20"]
[SourceVersion "1"]
[SourceVersionDate "2013.11.20"]
[SourceQuality "1"]

1. e4 e6 2. d3 d5 3. Nd2 c5 4. Ngf3 Nc6 5. g3 Nf6 6. Bg2 Be7 7. 0-0 b6 8. Re1 0-0 9. e5 Nd7 10. Nf1 Qc7 11. Bf4 Ba6 12. c3 b5 13. h4 b4 14. N1h2 Rfd8 15. Ng4 Qa5 16. Qd2 bxc3 17. bxc3 Rab8 18. Rab1 Rb6 19. Rxb6 Nxb6 20. Bh6 Na4 21. Bxg7 Qxc3 22. Nf6+ Bxf6 23. Bxf6 Qxd2 24. Nxd2 Rb8 25. Bf1 Rb2 26. Nf3 Rxa2 27. Rc1 Nb4 28. Be7 Rc2 29. Ra1 Ra2 30. Rc1 Bxd3 0-1

[Event "Mirandola Giovanni Pico op 4th"]
[Site "Mirandola"]
[Date "2011.01.15"]
[Round "3"]
[White "Baroni, Alessandro"]
[Black "Santamato, Luigi"]
[Result "1-0"]
[WhiteElo "1847"]
[BlackElo "1651"]
[PlyCount "87"]
[EventDate "2011.01.14"]
[EventType "swiss"]
[EventRounds "5"]
[EventCountry "ITA"]
[SourceTitle "EXT 2012"]
[Source "ChessBase"]
[SourceDate "2011.11.24"]
[SourceVersion "1"]
[SourceVersionDate "2011.11.24"]
[SourceQuality "1"]

1. e4 c6 2. d4 d5 3. Nc3 dxe4 4. Nxe4 Bf5 5. Ng3 Bg6 6. h4 h6 7. Nf3 Nd7 8. Bd3 Bxd3 9. Qxd3 Ngf6 10. Bd2 e6 11. c3 Qc7 12. 0-0-0 0-0-0 13. Ne4 Nxe4 14. Qxe4 Nf6 15. Qe2 c5 16. Kb1 Kb8 17. g3 Bd6 18. dxc5 Qxc5 19. Be3 Qf5+ 20. Ka1 Qh5 21. Rxd6 Rxd6 22. Bf4 Rhd8 23. Rd1 Nd5 24. Bxd6+ Rxd6 25. c4 Nc3 26. bxc3 Rxd1+ 27. Qxd1 Kc7 28. Qe2 Qg4 29. Kb2 Kb8 30. Qe5+ Ka8 31. Nd4 Qd1 32. Nc2 Qg4 33. Qc7 a6 34. c5 Qa4 35. Nb4 Qd1 36. c6 Qd2+ 37. Nc2 bxc6 38. Qxc6+ Ka7 39. Qc7+ Ka8 40. Qxf7 Qd5 41. Qe8+ Ka7 42. Qe7+ Ka8 43. Qb4 Qd2 44. Qe4+ 1-0

[Event "IECC M-5192"]
[Site "IECC email"]
[Date "2005.01.22"]
[Round "?"]
[White "Baroni, Alessandro"]
[Black "Detain, Tom"]
[Result "1-0"]
[WhiteElo "1322"]
[BlackElo "1140"]
[PlyCount "35"]
[EventDate "2005.??.??"]
[EventType "tourn (corr)"]
[EventRounds "10"]
[SourceTitle "Corr 2020"]
[Source "ChessBase"]
[SourceDate "2019.09.30"]
[SourceVersion "1"]
[SourceVersionDate "2019.09.30"]
[SourceQuality "1"]
[WhiteTeam "Italy"]
[BlackTeam "England"]
[WhiteTeamCountry "ITA"]
[BlackTeamCountry "ENG"]

1. e4 c5 2. Nf3 Nc6 3. d4 cxd4 4. Nxd4 e5 5. Nb5 Nf6 6. N1c3 a6 7. Nd6+ Bxd6 8. Qxd6 Qe7 9. Qd1 0-0 10. Bg5 Re8 11. Nd5 Qe6 12. Nc7 Qg4 13. Qxg4 Nxg4 14. Nxe8 h6 15. Bd2 Nd4 16. Rc1 b5 17. f3 Nf6 18. Nxf6+ 1-0

[Event "SEMI B027 email"]
[Site "SEMI email"]
[Date "2002.03.04"]
[Round "?"]
[White "Baroni, Alessandro"]
[Black "Balacco, Giovanni"]
[Result "0-1"]
[WhiteElo "1200"]
[BlackElo "1491"]
[PlyCount "48"]
[EventDate "2002.03.04"]
[EventType "tourn (corr)"]
[EventRounds "6"]
[EventCountry "ITA"]
[SourceTitle "Telechess CBM 097"]
[Source "ChessBase"]
[SourceDate "2003.11.11"]
[SourceVersion "1"]
[SourceVersionDate "2003.11.11"]
[SourceQuality "1"]

1. e4 c6 2. d4 d5 3. exd5 cxd5 4. c4 Nf6 5. c5 e5 6. Nc3 exd4 7. Qxd4 Nc6 8. Bb5 Be7 9. Nf3 0-0 10. Bxc6 bxc6 11. 0-0 Nd7 12. Na4 Bf6 13. Qd1 Ne5 14. Nd4 Ba6 15. f4 Ng4 16. Nxc6 Qd7 17. Ne5 Bxe5 18. fxe5 Bxf1 19. c6 Qe6 20. Qxf1 Qxe5 21. Qf4 Qe1+ 22. Qf1 Qe4 23. Qd1 Rfe8 24. Bg5 Re5 0-1

[Event "SEMI B027 email"]
[Site "SEMI email"]
[Date "2002.03.04"]
[Round "?"]
[White "Baroni, Alessandro"]
[Black "Strazzeri, Roberto"]
[Result "1-0"]
[WhiteElo "1200"]
[BlackElo "1486"]
[PlyCount "29"]
[EventDate "2002.03.04"]
[EventType "tourn (corr)"]
[EventRounds "6"]
[EventCountry "ITA"]
[SourceTitle "Telechess CBM 097"]
[Source "ChessBase"]
[SourceDate "2003.11.11"]
[SourceVersion "1"]
[SourceVersionDate "2003.11.11"]
[SourceQuality "1"]

1. e4 c6 2. d4 d5 3. exd5 cxd5 4. c4 Nf6 5. c5 e5 6. Nc3 exd4 7. Qxd4 Nc6 8. Bb5 Be7 9. Nf3 0-0 10. Bxc6 bxc6 11. 0-0 Nd7 12. Na4 Bf6 13. Qd3 Qa5 14. Qc2 Ba6 15. Bd2 1-0